01608cam a2200301 i 4500001001900000003000600019005001700025008004100042020002900083035002200112035002400134040005100158041000800209100003800217245007000255250003700325250002500362264004400387300005000431490002700481500003700508500003200545520062500577650002601202650002701228651003101255655002001286991026811534507026UkOxU20250616075303.0231108s2023 enkab e 000 1 eng|d a9781526664754qpaperback a(OCoLC)1407834185 a(OCoLC)on1407834185 aAU@bengerdacAU@dOCLCFdOCLCOdOCLCQdUkOxU aeng aShannon, Samanthad1991-eauthor.14aThe bone season b: author's preferred text c/ Samantha Shannon. aFully revised with new material. aAnniversary edition. 1aLondon :bBloomsbury Publishing,c2023. ax, 599 pages :billustrations, maps ;c20 cm. aBone season novel ;v1 aFully revised with new material. aOriginally published: 2013. aThe year is 2059. For two centuries, the Republic of Scion has led an oppressive campaign against unnaturalness in Europe. In London, Paige Mahoney holds a high rank in the criminal underworld. The right hand of the ruthless White Binder, Paige is a dreamwalker, a rare and formidable kind of clairvoyant. Under Scion law, she commits treason simply by breathing. When Paige is arrested for murder, she meets the mysterious founders of Scion, who have designs on her uncommon abilities. If she is to survive and escape, Paige must use every skill at her disposal - and put her trust in someone who ought to be her enemy. 0aYoung womenvFiction. 0aClairvoyantsvFiction. 0aLondon (England)vFiction. 7aFantasy fiction